Some chapters in Cambridge medical history, (Record no. 37879)
[ view plain ]
| 000 -LEADER | |
|---|---|
| fixed length control field | 01001cam a22002411 4500 |
| 001 - CONTROL NUMBER | |
| control field | med46000172 |
| 003 - CONTROL NUMBER IDENTIFIER | |
| control field | DLC |
| 005 - DATE AND TIME OF LATEST TRANSACTION | |
| control field | 20260227111556.0 |
| 008 - FIXED-LENGTH DATA ELEMENTS--GENERAL INFORMATION | |
| fixed length control field | 770809s1946 enk b 000 0 eng |
| 010 ## - LIBRARY OF CONGRESS CONTROL NUMBER | |
| LC control number | med46000172 |
| 035 ## - SYSTEM CONTROL NUMBER | |
| System control number | (OCoLC)3175003 |
| 040 ## - CATALOGING SOURCE | |
| Original cataloging agency | DLC |
| Transcribing agency | OC |
| Modifying agency | WU-M |
| -- | DLC |
| 042 ## - AUTHENTICATION CODE | |
| Authentication code | premarc |
| 050 00 - LIBRARY OF CONGRESS CALL NUMBER | |
| Classification number | R773.C32 |
| Item number | L3 |
| 082 ## - DEWEY DECIMAL CLASSIFICATION NUMBER | |
| Classification number | 610.71142 |
| 100 1# - MAIN ENTRY--PERSONAL NAME | |
| Personal name | Langdon-Brown, W. |
| Fuller form of name | (Walter), |
| Dates associated with a name | 1870-1946. |
| 245 00 - TITLE STATEMENT | |
| Title | Some chapters in Cambridge medical history, |
| Statement of responsibility, etc. | by Sir Walter Langdon-Brown. |
| 260 ## - PUBLICATION, DISTRIBUTION, ETC. | |
| Place of publication, distribution, etc. | Cambridge [Eng.] |
| Name of publisher, distributor, etc. | University press, |
| Date of publication, distribution, etc. | 1946. |
| 300 ## - PHYSICAL DESCRIPTION | |
| Extent | vii, 119 p. |
| Dimensions | 19 cm. |
| 500 ## - GENERAL NOTE | |
| General note | "Largely composed of a series of papers delivered before the History of medicine section of the Royal society of medicine. They have all been revised... all appeared in the Proceedings of the Royal society of medicine, with the exception of Chapter II, which was published in Nature."--Pref. |
| 504 ## - BIBLIOGRAPHY, ETC. NOTE | |
| Bibliography, etc. note | "References": p. 118-119. |
| 610 10 - SUBJECT ADDED ENTRY--CORPORATE NAME | |
| Corporate name or jurisdiction name as entry element | Cambridge. |
| Subordinate unit | University. |
| -- | Medical school. |
No items available.